Már nem tabu
Elmentve itt :
| Dokumentumtípus: | Cikk |
|---|---|
| Megjelent: |
1990-10-21
|
| Sorozat: | Délmagyarország
80 No. 269 |
| Kulcsszavak: | Emlékest, MEFESZ |
| Online Access: | http://dmarchiv.bibl.u-szeged.hu/79150 |
| LEADER | 00386nab a2200145 i 4500 | ||
|---|---|---|---|
| 001 | delm79150 | ||
| 005 | 20190924132450.0 | ||
| 008 | 190924s1990 hu o 0|| hun d | ||
| 040 | |a SZTE Délmagyarország Archívum |b hun | ||
| 041 | |a hun | ||
| 245 | 0 | 0 | |a Már nem tabu |h [elektronikus dokumentum] |
| 260 | |c 1990-10-21 | ||
| 300 | |a 1 | ||
| 490 | 0 | |a Délmagyarország |v 80 No. 269 | |
| 695 | |a Emlékest, MEFESZ | ||